Desde el fondo de la Biblioteca /

Kaydedildi:
Detaylı Bibliyografya
Yazar: Rodríguez Fernández, Mario
Materyal Türü: Bilinmiyor
Dil:Spanish
Etiketler: Etiketle
Etiket eklenmemiş, İlk siz ekleyin!

MARC

LEADER 000000000a22000000004500
001 007254
041 0 |a spa 
100 1 |a Rodríguez Fernández, Mario 
245 1 0 |a Desde el fondo de la Biblioteca /   |c Mario Rodríguez Fernández. 
310 |a semestral 
773 0 |d Heredia, Costa Rica : Instituto de Estudios Latinoamericanos (IDELA)  |t Repertorio Americano. Nueva Época  |g número 7 (1999), páginas 119-122 
942 |c ARC 
999 |c 13367  |d 13367